Word Ladder: Ringing Rungs Quiz Stats

 Plays Quiz Updated Aug 22, 2013

Support Sporcle.
Go Orange.
Score 0/40 Timer 03:00
0 Plays Today
Hint Word % Correct
Transfer a liquidPOUR
91.7%
Buck, doe, and fawnDEER
89.3%
'Pretty In ____'PINK
85.6%
Not sweetSOUR
84.2%
▲ AZURE ▲▲ BLUE ▲
83.1%
Beauty markMOLE
78.9%
Elmers, e.g.GLUE
78.8%
Wall or bread fungusMOLD
78.3%
Miner's toolPICK
73.3%
EvergreenPINE
72.5%
Action takerDOER
72.3%
Metric massGRAM
71.5%
Actor Christian ____BALE
70.7%
Fork featureTINE
70.2%
Wolf gangPACK
68.7%
Like EeyoreGLUM
68.4%
Make unclearBLUR
67.6%
David Bowie's kind of rockGLAM
67.5%
Demeaning insultSLUR
67.3%
TV redhead Lucille ____BALL
66.1%
Hint Word % Correct
College manGRAD
64%
▲ MEXICAN DISH ▲▲ TACO ▲
61.5%
▲ MUSCLE QUALITY ▲▲ TONE ▲
60.9%
ProfoundDEEP
59.8%
Small nailTACK
59.6%
Not richPOOR
59.4%
Krugerrand or doubloon compositionGOLD
57.6%
Dromedary featureHUMP
54.6%
Prod into actionGOAD
53.7%
Woody Harrelson's favorite fiberHEMP
53.7%
Ilium or pubisBONE
51.7%
▲ RAY MANZAREK OR ROBBY KRIEGER ▲▲ DOOR ▲
50.8%
▲ UNABLE TO SPEAK ▲▲ DUMB ▲
50.4%
Tree trunkBOLE
50%
Fictional UriahHEEP
49.3%
Ursine cafeteriaDUMP
40.7%
DenudedBARE
39.4%
Container weightTARE
34.5%
Poi sourceTARO
33.7%
▲ COMMON BOND ▲▲ BELL ▲
25%

Today's Daily Dose

Word Ladder
ING Words

Get the Picture
Nearest Volcano

From the Vault

Movie Titles in Bible Verses

by jdk26

There's nothing like a Bible verse to give your movie title some extra weight.
Remove Ads.
Support Sporcle.
Get the best of Sporcle when you Go Orange. This ad-free experience offers more features, more stats, and more fun while also helping to support Sporcle. Thank you for becoming a member.

Show Comments

Extras

Top Quizzes Today


Score Distribution

Your Account Isn't Verified!

In order to create a playlist on Sporcle, you need to verify the email address you used during registration. Go to your Sporcle Settings to finish the process.

Report this User

Report this user for behavior that violates our Community Guidelines.

Details: